Größte Gemeinden Tirols außerhalb des Inntals - Statistiken

Allgemein
  • Dieses Quiz wurde 39 mal gespielt
  • Das Durchschnittsergebnis liegt bei 11 aus 20
Antwortstatistiken
# Einwohner Gemeinde % Korrekt
LZ 11.935 Lienz
100%
KB 8.239 Kitzbühel
89%
RE 6.989 Reutte
86%
IL 3.595 Matrei am Brenner
75%
LZ 4.633 Matrei in Osttirol
75%
KB 9.663 St. Johann in Tirol
75%
KB 5.258 Kirchberg in Tirol
68%
IL 4.817 Neustift im Stubaital
61%
KB 5.650 Hopfgarten im Brixental
57%
KB 4.024 Kirchdorf in Tirol
50%
SZ 3.907 Mayrhofen
50%
KB 4.407 Fieberbrunn
46%
IL 4.495 Fulpmes
46%
IL 3.635 Steinach am Brenner
43%
KB 3.664 Westendorf
43%
SZ 4.227 Fügen
36%
KB 4.456 Kössen
36%
IM 4.780 Längenfeld
36%
KU 3.722 Söll
36%
KU 4.314 Wildschönau
18%
Keine übereinstimmenden Quizze gefunden
Verteilung der Resultate
Anzahl Personen mit jedem Resultat
Perzentil nach korrekt beantworteten Fragen
Ihre Resultats-Entwicklung
Sie haben dieses Quiz noch nicht gespielt